|
|
|
|
| LEADER |
01141nam a2200277 i 4500 |
| 001 |
c000146532 |
| 003 |
CARM |
| 005 |
00000000000000.0 |
| 008 |
781115s1978 stk b f00010 eng |
| 015 |
|
|
|a GB***
|
| 019 |
1 |
|
|a 1315556
|5 LACONCORD2021
|
| 020 |
|
|
|a 0114915350 :
|c L.1.00
|
| 035 |
|
|
|a (OCoLC)4490357
|5 LACONCORD2021
|
| 050 |
0 |
0 |
|a LC4661
|b .G72 1978
|
| 110 |
1 |
0 |
|a Great Britain.
|b Inspectorate of Schools.
|
| 245 |
1 |
4 |
|a The education of pupils with learning difficulties in primary and secondary schools in Scotland :
|b a progress report /
|c by HM Inspectors of Schools, 1978.
|
| 260 |
|
|
|a Edinburgh :
|b H.M. Stationery Off.,
|c 1978.
|
| 300 |
|
|
|a 31 p. ;
|c 25 cm.
|
| 500 |
|
|
|a At head of title: Scottish Education Department.
|
| 504 |
|
|
|a Includes bibliographical references.
|
| 650 |
|
0 |
|a Slow learning children.
|
| 710 |
1 |
0 |
|a Great Britain.
|b Scottish Education Dept.
|
| 852 |
8 |
|
|b CARM
|h A2:AM27C0
|i D03766
|p 0176732
|f BK
|
| 082 |
0 |
4 |
|a 371.9/26
|
| 999 |
f |
f |
|i 7f0e1a35-33e9-56b7-9e28-aab4ca1b1a95
|s 6110b1ab-6e13-5bea-a911-6043623f15c9
|
| 952 |
f |
f |
|p Can circulate
|a CAVAL
|b CAVAL
|c CAVAL
|d CARM 1 Store
|e D03766
|f A2:AM27C0
|h Other scheme
|i book
|m 0176732
|